Исследование влияния состава распыляемой мишени и рабочего газа на свойства кальций-фосфатных покрытий: диссертация на соискание ученой степени кандидата технических наук; спец. 1.3.8

Bibliografiska uppgifter
Huvudupphovsman: Федоткин А. Ю. Александр Юрьевич
Institutionell upphovsman: Национальный исследовательский Томский политехнический университет Инженерная школа ядерных технологий Научно-образовательный центр Б. П. Вейнберга
Övriga upphovsmän: Козельская А. И. Анна Ивановна (научный руководитель)
Sammanfattning:Заглавие с титульного экрана
Электронная версия печатной публикации
Защита сост. 27.12.2022
Språk:ryska
Publicerad: Томск, 2022
Ämnen:
Länkar:http://earchive.tpu.ru/handle/11683/73699
Materialtyp: Elektronisk Bok
KOHA link:https://koha.lib.tpu.ru/cgi-bin/koha/opac-detail.pl?biblionumber=371563

MARC

LEADER 00000nam0a2200000 4500
001 371563
005 20231102012406.0
035 |a (RuTPU)RU\TPU\retro\28973 
035 |a RU\TPU\retro\28972 
090 |a 371563 
100 |a 20221027d2022 k y0rusy50 ca 
101 0 |a rus 
102 |a RU 
105 |a a m 000zy 
135 |a drcn ---uucaa 
181 0 |a i  
182 0 |a b 
200 1 |a Исследование влияния состава распыляемой мишени и рабочего газа на свойства кальций-фосфатных покрытий  |e диссертация на соискание ученой степени кандидата технических наук  |e спец. 1.3.8  |f А. Ю. Федоткин  |g Национальный исследовательский Томский политехнический университет ; науч. рук. А. И. Козельская 
203 |a Текст  |c электронный 
210 |a Томск  |d 2022 
215 |a 1 файл (4 692 КБ) 
230 |a Электронные текстовые данные (1 файл : 4 692 КБ) 
300 |a Заглавие с титульного экрана 
300 |a Электронная версия печатной публикации 
300 |a Защита сост. 27.12.2022 
338 |b Российский научный фонд  |d 21-73-20262 
606 1 |a Костная ткань  |x Транспплантология  |2 stltpush  |3 (RuTPU)RU\TPU\subj\80820  |9 88382 
610 1 |a электронный ресурс 
610 1 |a диссертации 
610 1 |a труды учёных ТПУ 
610 1 |a составы 
610 1 |a мишени 
610 1 |a инертные газы 
610 1 |a механические свойства 
610 1 |a кальций-фосфатные покрытия 
610 1 |a медицинское применение 
610 1 |a высокочастотное магнетронное распыление 
610 1 |a ВЧМР 
610 1 |a биологические свойства 
610 1 |a медико-биологические исследования 
610 1 |a имплантаты 
610 1 |a костные ткани 
610 1 |a ВЧ-магнетронное распыление 
610 1 |a биоактивные покрытия 
675 |a 616.7(04)  |v 4 
686 |a 01.04.07  |2 oksvnk 
700 1 |a Федоткин  |b А. Ю.  |c физик  |c инженер Томского политехнического университета  |f 1994-  |g Александр Юрьевич  |2 stltpush  |3 (RuTPU)RU\TPU\pers\44106 
702 1 |a Козельская  |b А. И.  |c физик  |c научный сотрудник Томского политехнического университета, кандидат физико-математических наук  |f 1985-  |g Анна Ивановна  |2 stltpush  |3 (RuTPU)RU\TPU\pers\39662  |4 727 
712 0 2 |a Национальный исследовательский Томский политехнический университет  |b Инженерная школа ядерных технологий  |b Научно-образовательный центр Б. П. Вейнберга  |h 7866  |2 stltpush  |3 (RuTPU)RU\TPU\col\23561 
801 2 |a RU  |b 63413507  |c 20221220  |g RCR 
856 4 |u http://earchive.tpu.ru/handle/11683/73699 
942 |c BK